[Event "Bundesliga 0304"]
[Site "Germany"]
[Date "2004.04.25"]
[Round "15.6"]
[White "Huebner, Robert"]
[Black "Heinemann, Thies"]
[Result "1-0"]
[WhiteElo "2604"]
[BlackElo "2426"]
[Annotator "Stohl,I"]
[PlyCount "69"]
[EventDate "2003.11.01"]
[EventType "team-tourn"]
[EventRounds "15"]
[EventCountry "GER"]
[SourceTitle "CBM 101"]
[Source "ChessBase"]
[SourceDate "2004.07.27"]
[SourceVersion "1"]
[SourceVersionDate "2004.07.27"]
[SourceQuality "1"]
[WhiteTeam "Baden Oos"]
[BlackTeam "Hamburger SK"]
[WhiteTeamCountry "GER"]
[BlackTeamCountry "GER"]

1. d4 Nf6 2. Nf3 g6 3. c4 c5 4. d5 b5 5. cxb5 a6 6. bxa6 Bg7 7. Nc3 Bxa6 8. g3
d6 9. Bg2 Nbd7 10. O-O Nb6 11. Re1 O-O 12. e4 {[%csl Rd3] ><d3} (12. Bf4) ({and
} 12. Nd2 {occur more often in top-level games, but the text-move is quite
popular in general and perhaps better, than its reputation. It has one
drawback-once White fianchettoes his Bf1, he usually postpones the [+] advance,
which can cause him problems with the d3-square (or force him to play Bf1
anyway).}) 12... Nfd7 ({More critical for the whole line is} 12... Nc4 $5 {
/\Qa5} 13. Bf1 $5 (13. e5 Ng4 14. exd6 (14. e6 f5 15. Bf1 Qa5 16. h3 Nge5 17.
Ng5 $6 Nxb2 $1 18. Bxb2 Bxf1 19. Rxf1 Nc4 20. Rb1 Nxb2 21. Rxb2 Qxc3 $17 {
Guliev,S-Nesterov,J/Moscow/1995/}) 14... exd6 15. Bf1 (15. Qc2 Qa5 $132) 15...
Qa5 $5 $44 (15... Qd7 16. h3 Nge5 17. Nh2 Nb6 18. Bxa6 Rxa6 19. Ng4 Nxg4 20.
hxg4 Rfa8 21. Bg5 h6 22. Re7 Qd8 23. Qf3 Qf8 24. Bf6 $14 {Gordin,A-Radovanovic,
D/Bucharest/2003/})) 13... Nd7 (13... Qa5 $5 14. Qc2 Rfb8 $44) 14. Bxc4 (14.
Qc2 $5 {transposes into the game.}) (14. Nd2 $143 Nxd2 15. Bxd2 Bxf1 16. Rxf1
Qb6 17. Rb1 Rfb8 $44 18. Na4 $2 Qb5 19. b3 Qd3 20. Bg5 Qxe4 21. Re1 Qf5 22.
Bxe7 Bd4 23. Rf1 Qxd5 $40 {-+,Maris,I-Tsorbatzoglou,T/GRE-ch Athens/1988/})
14... Bxc4 15. Qc2 Qb6 16. Bg5 (16. Bf4 $142 $5 $13 {/+/= is similar to the
game and gives White chances for an advantage.}) 16... h6 $1 17. Bd2 Qa6 18.
Re3 Rfb8 19. Nd1 h5 20. Ra3 Qb5 21. Nc3 $6 Bd3 $1 22. Qc1 Qc4 23. b3 Qb4 24.
Rxa8 Rxa8 25. Qe1 Bxc3 26. Bxc3 Qxe4 $17 {Vaulin,A-Nikolaidis,I/St Petersburg/
1994/}) 13. Qc2 (13. Bf4 Nc4 14. Qc1 (14. Qc2 {-13.Qc2}) 14... Qa5 {/\} (14...
Nce5 $5 $44) 15. Bh6 Bxh6 16. Qxh6 Rfb8 $1 17. e5 Ncxe5 18. Nxe5 Nxe5 19. Ne4
f6 $13) 13... Nc4 14. Bf1 (14. Rd1 Qa5 15. Nd2 Na3 $1 16. bxa3 Qxc3 17. Qxc3
Bxc3 18. Rb1 c4 19. Nf3 Rfb8 20. Be3 Bb2 21. Nd4 c3 22. Bf1 Ne5 23. Bxa6 Rxa6
24. Nc2 Ra4 25. Kf1 Rxe4 $36 {Averkin,O-Miles,A/Dubna/1976/}) (14. Bf4 Qa5 15.
Rac1 Rfb8 16. b3 Nce5 (16... Na3 17. Qd2 c4 18. Nd4 $5 $36) 17. Red1 Nxf3+ 18.
Bxf3 c4 (18... Ne5 19. Be2 Bxe2 20. Qxe2 Qa6 21. Rc2 Qxe2 22. Nxe2 Rb4 23. Bxe5
Bxe5 24. f3 f5 $44 {Vezzosi,P-Borgo,G/Reggio Emilia/1992/}) 19. bxc4 Bxc4 20.
Ne2 Bb5 21. Nd4 Ba4 22. Nb3 Qb4 23. Qd2 Qa3 24. Rc7 Ne5 25. Bxe5 Bxe5 26. Rb1
Bf6 $11 {Ruck,R-Ehlvest,J/EU-ch Ohrid/2001/}) (14. b3 $2 Qa5 $1 $17 {is a
well-known trap White must avoid.}) 14... Qa5 {[%csl Rb2][%cal Yc4a3] /\Na3} (
14... Nde5 $142 $5 15. Nxe5 Nxe5 16. Kg2 Bxf1+ (16... Qa5 17. f4 Bxf1+ 18. Rxf1
Nc4 19. Rf3 Rfb8 20. Rb1 Rb7 (20... Qb4 $5 21. b3 Na3 $44) 21. a4 Qb4 22. b3
Bxc3 23. Rxc3 Na3 24. Bxa3 Qxa3 25. h4 Rb4 26. Re1 $14 {1/2,Andresen,S-Busch,K/
BL9293/1993/}) 17. Rxf1 Qa5 18. Bd2 Qa6 19. a4 (19. Rad1 Rfb8 20. Bc1 c4 21. a3
Nd3 22. Rd2 Rb6 23. Nd1 Rc8 24. Re2 Rb3 $17 {Eperjesi,L-Brustkern,J/Budapest/
2004/}) 19... Qd3 $5 $132 (19... Nc4 20. Nb5 Nxd2 21. Qxd2 Qb7 22. Qc2 $14 {
/+/-,Erdogan,H-Arduman,C/Ankara zt/1995/})) 15. Bxc4 $1 {Getting rid of the N
is a wise precaution, otherwise Na3, or Rfb8 and Nb2 are always in the air.
The weakening of the >> is only a minor consideration, as Black can't
effectively profit from it.} Bxc4 16. Bf4 (16. Bd2 $143 Qa6 17. Bf4 Rfb8 18. e5
Qb7 19. Qe4 Nb6 20. Red1 Rd8 21. b3 dxe5 22. Bxe5 Bxd5 23. Nxd5 Rxd5 24. Rxd5
Nxd5 25. Bxg7 Kxg7 26. Ne5 e6 $11 {Gerusel,M-Miles,A/Bad Lauterberg/1977/})
16... Nb6 {For the time being prevents the immediate e5-break and aims with
the remaining N for c4.} (16... Rfb8 17. e5 $1 Qa6 18. Qd2 $14 {|^[+]}) (16...
Qa6 17. e5 $14 {is similar to the above note.} (17. Qd2 $5)) 17. Re3 {[%cal
Yb2b3] /\b3 Prepares b3, but lacks harmony.} (17. Qd2 $142 {-19.Qd2}) 17... Bd4
{This gives White a chance to rectify his rather unnatural previous move.} (
17... h6 $142 $5 18. h4 Qb4 $44) 18. Ree1 Bg7 19. Qd2 Rfd8 (19... Ba6 20. Bh6
$1 Nc4 21. Qc1 Bxh6 22. Qxh6 f6 (22... Nxb2 $4 23. Ng5 $18) 23. Qc1 Bc8 24. b3
$14) 20. Bh6 Ba6 $2 {[%mdl 16384] A serious strategic mistake, as now White
can not only exchange the important Bg7, but immediately launch an -> in the 
[+] and against Black's K, deserted by his major pieces.} ({Good or bad, Black
should have played} 20... Bh8 21. Rac1 $5 $14 (21. e5 Rd7 $1 {/\} (21... dxe5
22. Nxe5 $16 {/\} Bxd5 23. Nxd5 $1 Nxd5 24. Qxa5 Rxa5 25. Nc6 $18) 22. b3 $6
Bxd5 $1 23. Nxd5 Qxd2 24. Nxe7+ Rxe7 25. Bxd2 dxe5 $36)) 21. Bxg7 Kxg7 22. e5
$1 $16 {[%mdl 128] ->>>} Nc4 (22... dxe5 23. Nxe5 (23. Rxe5 $6 Nc4 24. Qf4 Qc7
$1 $132) 23... Nxd5 24. Nc6 Nxc3 25. Qc1 $5 (25. Nxd8 Ne2+ 26. Rxe2 Bxe2 27.
Qxe2 (27. Ne6+ $5 fxe6 28. Qxe2 $16) 27... Rxd8 (27... Qxd8 28. Qe5+ $16) 28.
Qxe7 $36) 25... Ne2+ (25... Rd1 26. Qxd1 Nxd1 27. Nxa5 Nxb2 28. Rxe7 $16) 26.
Rxe2 Bxe2 27. Nxa5 Rd1+ 28. Qxd1 Bxd1 29. Nb7 $16) 23. Qc2 Qc7 (23... dxe5 24.
Nxe5 Nxe5 25. Rxe5 $16) (23... Qb4 24. b3 Na3 25. Qd2 $40) 24. exd6 exd6 $6 (
24... Nxd6 $142 25. Ne5 $16) 25. Ne4 f6 (25... Qa5 26. b3 Ne5 $8 27. Nxe5 dxe5
28. Qc3 $5 $18 (28. Qxc5 Rxd5 29. Qxa5 Rxa5 $16)) 26. Qc3 $1 Ne5 (26... Rf8 27.
Nfg5 Bc8 28. Nxf6 Rxf6 29. Ne4 $18) 27. Nd4 $1 {White already has an
overwhleming position, Huebner understandably plays for the attack.} (27. Nxe5
fxe5 28. b4 $18) 27... Bc8 28. f4 $18 Ng4 (28... Qb6 29. fxe5 (29. Nc2 $5 $18)
29... cxd4 30. exf6+ Kf7 31. Qc6 $18) 29. h3 Nh6 (29... Qf7 30. Ne6+ $18) (
29... Qb6 30. Nc6 c4+ 31. Kg2 $18) 30. Nxf6 $1 Qf7 (30... Kxf6 31. Ne6+ $18)
31. Nc6 Qxf6 32. Re7+ {Now Black loses too much material.} Nf7 $8 33. Nxd8 Qxc3
34. bxc3 Bxh3 (34... Kf8 35. Rxf7+ Ke8 36. Re1+ Kxd8 37. Rf8+ Kd7 38. Ree8 $18)
35. Nxf7 1-0

[Event "GER-ch 73th"]
[Site "Altenkirchen"]
[Date "2001.12.02"]
[Round "3"]
[White "Huebner, Robert"]
[Black "Kalinitschew, Sergey"]
[Result "1-0"]
[WhiteElo "2612"]
[BlackElo "2483"]
[Annotator "Stohl,I"]
[PlyCount "81"]
[EventDate "2001.11.30"]
[EventType "swiss"]
[EventRounds "9"]
[EventCountry "GER"]
[SourceTitle "CBM 087"]
[Source "ChessBase"]
[SourceDate "2002.03.21"]
[SourceVersion "1"]
[SourceVersionDate "2002.03.21"]
[SourceQuality "1"]

1. d4 Nf6 2. c4 c5 3. d5 b5 4. cxb5 a6 5. bxa6 d6 $6 {[%mdl 16384] This slip
allows White to transpose into an advantageous line of the accepted Volga, as
he gets in the central advance without any strategic concessions, as losing
time or castling rights.} 6. e4 Qa5+ $146 (6... Bxa6 7. Bxa6 Nxa6 8. Nc3 g6 9.
Nf3 Bg7 10. O-O O-O 11. Bg5 h6 12. Bf4 Qb6 13. Rb1 Kh7 14. Re1 Rfb8 15. e5 Nh5
16. Bd2 dxe5 17. Nxe5 Qc7 18. Nc6 Re8 19. Qf3 e5 20. g4 Nf4 21. Bxf4 exf4 22.
a3 Rac8 23. Rbd1 $16 {Kruppa,Y-Papenin,N/UKR-chT Alushta/2001/}) (6... g6 7.
Nc3 Bg7 8. Bb5+ $5 (8. Nf3 O-O 9. Be2 Nxa6 (9... Nbd7 10. O-O Bxa6 11. Re1 Ng4
12. Nd2 Ngf6 13. Qc2 Bxe2 14. Rxe2 Nb6 15. b3 e6 16. dxe6 fxe6 17. Bb2 Ng4 18.
h3 Ne5 19. Nb5 Nc8 20. Nc4 $16 {Genov,P-Badev,K/BUL-chT Pamporovo/2001/}) 10.
O-O Bb7 11. Bf4 Qb6 12. Nd2 $5 Nd7 13. Nc4 Qd8 14. Qd2 Nc7 15. Bh6 Ba6 16. Bxg7
Kxg7 17. Ne3 Qb8 18. Rfc1 Qb4 19. Nc2 Qa5 20. a3 Bxe2 21. Qxe2 Qb6 22. b4 $16 {
Staniszewski,P-Kurr,G/NRW-chT 9192/1992/}) 8... Nfd7 9. a4 O-O 10. Nf3 Bxa6 11.
Bg5 f5 $6 12. O-O h6 13. Bd2 Ne5 14. Nxe5 dxe5 15. exf5 gxf5 16. Qh5 Qd6 17. g4
f4 18. Rad1 Nd7 19. Rfe1 Nf6 20. Qg6 Bxb5 21. axb5 c4 22. Ne4 Qb6 23. Nxf6+
exf6 24. Rxe5 $18 {Formanek,E-Plaskett,J/Hastings/1985/}) (6... Nxe4 $4 7. Qa4+
$18) 7. Bd2 Qb6 8. Na3 $5 {[%cal Ya3c4] /\Nc4} Bxa6 (8... Qxb2 9. Nc4 $1 (9.
Nb5 Nxe4 (9... Nxa6 $2 10. Bc3 $18) 10. Nc7+ Kd8 11. Nxa8 Nxd2 12. Bd3 (12. a7
Ne4 13. Be2 Qb4+ 14. Kf1 Nd7 $13) 12... Bxa6 $14) 9... Qd4 10. f3 Bxa6 11. Qc1
{/\Bc3+-} Nxe4 12. fxe4 Qxe4+ 13. Ne3 Bxf1 14. Kxf1 $16) 9. Bxa6 Qxa6 10. Qc2
Qa4 {In the Volga gambit the <<|^ often persisits into the _|_, but here
White's uncastled K will takeover the defence of the b-pawn, while White will
concentrate his efforts on the >>.} (10... g6 11. Nc4 Bg7 12. Nf3 O-O 13. O-O
$16) (10... Nbd7 $142 11. Nc4 (11. Nf3 Qa4 $1 $13) 11... e6 12. Ne2 $5 (12. Nf3
exd5 13. exd5 Be7 $132) (12. dxe6 fxe6 13. e5 Nxe5 14. Nxe5 dxe5 15. Nf3 e4 16.
Ng5 Qd3 $14) 12... exd5 13. exd5 Be7 14. Nf4 $14) 11. Qxa4+ Rxa4 12. f3 g6 13.
Ne2 Bg7 14. Nc3 Rb4 (14... Ra6 15. Nc4 $16) 15. b3 Nfd7 (15... e6 16. Nc4 Ke7
17. dxe6 fxe6 18. e5 $18) 16. Rb1 Rb7 17. Nc4 $16 O-O 18. a4 {White has
consolidated his position and Black has no compensation left. He therefore
strives for some activity on the other flank.} f5 (18... Na6 19. Na5 Rb6 20.
Nc6 $16 {/+-}) 19. Ke2 Na6 20. Rhf1 Rbb8 (20... Rfb8 21. Nb5 {[%cal Rc4a5] /
\Na5+-}) 21. h3 Nc7 22. g4 $1 $40 {/\gf5, Rg1} fxe4 $6 (22... Bd4 23. gxf5 gxf5
24. Ne3 $5 (24. Na5 Ne5 {/\} 25. f4 Ng6 26. Nc6 Bxc3 27. Bxc3 fxe4 $1 28. Nxb8
Nxd5 $132) 24... Bxe3 25. Bxe3 $16) 23. fxe4 Rfe8 (23... Rxf1 24. Kxf1 Bd4 25.
Ke2 $18) 24. Kd3 Ne5+ 25. Kc2 $1 (25. Nxe5 Bxe5 $14 {[%cal Yb8b4,Ye7e6] /\Rb4,
e6<=>}) 25... Ra8 (25... Rb4 26. Nd1 Rb7 27. Nxe5 Bxe5 28. Ne3 $16 {/+-}) (
25... Nxc4 26. bxc4 Na6 27. Nb5 $18 {[%csl Ga4] o^a}) 26. Nxe5 Bxe5 27. Bf4 Bd4
(27... Bxf4 28. Rxf4 e6 29. Rf6 $1 $18) (27... Bg7 $5 $16) 28. Rbe1 (28. Rf3
$142) 28... Ra7 29. Rf3 Bg7 30. Bg3 (30. h4 $142 $1 $40 {[%cal Rh4h6] /\h6-h6})
30... Bd4 (30... Na6 31. e5 Nb4+ 32. Kd2 dxe5 33. Bxe5 Rd8 34. Bxg7 Kxg7 35.
Kc1 $16) 31. Ref1 Raa8 32. h4 {[%mdl 128] After some hesitation White
concentrates on his plan of a >>->} Reb8 33. Bf4 Bg7 (33... c4 34. bxc4 Bxc3
35. Kxc3 Rxa4 36. Bh6 Ra3+ 37. Kd4 Rxf3 38. Rxf3 {/\e5+-}) 34. h5 Rb4 (34...
gxh5 35. gxh5 $18) 35. Bd2 $1 $18 Rab8 (35... Bxc3 36. Bxc3 Rxe4 37. hxg6 Rxg4
(37... Nxd5 38. gxh7+ Kxh7 39. Rf7+ Kh6 40. Rh1+ Kg5 41. Rh5+ Kxg4 42. Rxd5 $18
) 38. g7 Rxg7 39. Bxg7 Kxg7 40. Rf7+ Kg8 41. Rxe7 Nxd5 42. Rg1+ $18) 36. h6 Be5
(36... Bf6 37. g5 Be5 38. Rf7 Re8 (38... Bf6 39. R1xf6 exf6 40. Rxc7 $18) (
38... Rxb3 39. Rxe7 Rb2+ 40. Kd1 $18) 39. Nd1 $5 Rxe4 40. Bc3 Nxd5 41. Bxe5
Rxe5 42. Rg7+ Kh8 43. Rff7 $18) (36... Bxc3 37. Bxc3 Rxe4 38. Bg7 $18) 37. Bg5
Bf6 (37... Re8 38. Bxe7 $18) (37... R4b7 38. Bxe7 Ne6 39. dxe6 Rxe7 40. Nd5
Rxe6 41. Rf7 $18) 38. Bxf6 exf6 39. Rxf6 c4 (39... Rxb3 40. Rf7 (40. Rxd6 $18)
40... Rb2+ 41. Kc1 $18) 40. Rf7 {[%cal Rf7c7,Rf7g7,Rf1f7] /\Rc7,Rg7,Rff7} cxb3+
41. Kb2 1-0

[Event "EU-ch 2nd"]
[Site "Ohrid"]
[Date "2001.06.12"]
[Round "11"]
[White "Ionov, Sergey"]
[Black "Mikhalevski, Victor"]
[Result "1-0"]
[WhiteElo "2505"]
[BlackElo "2523"]
[Annotator "Stohl,I"]
[PlyCount "151"]
[EventDate "2001.06.01"]
[EventType "swiss"]
[EventRounds "13"]
[EventCountry "YUG"]
[SourceTitle "CBM 084"]
[Source "ChessBase"]
[SourceDate "2001.09.13"]
[SourceVersion "1"]
[SourceVersionDate "2001.09.13"]
[SourceQuality "1"]

1. d4 Nf6 2. c4 c5 3. d5 b5 4. cxb5 a6 5. bxa6 g6 6. Nc3 Bxa6 7. g3 d6 8. Bg2
Bg7 9. Nh3 Nbd7 10. O-O O-O 11. Bd2 Qc7 ({For more detailed comments about the
opening phase, as well as Black's more usual reaction} 11... Qa5 {or the
possible setup}) (11... Ra7 $5 {see game Aseev-Ponomariov.}) 12. Qc2 (12. b3
Rfb8 13. Rb1 Ne5 14. Nf4 Qa7 15. a4 Rb6 16. Qc2 Rab8 17. Na2 Qb7 18. b4 Nc4 19.
b5 Na3 20. Qd3 Nxb1 21. Qxb1 (21. Rxb1 $142 $13) 21... Bxb5 22. axb5 Rxb5 $36 {
Cmilyte,V-Malakhatko,V/Swidnica/1999/}) 12... Rfb8 13. Rab1 Rb6 (13... Ne5 $142
14. b3 Bc8 15. Ng5 Qa7 16. Nf3 Nxf3+ 17. Bxf3 Nd7 18. Bg2 Ne5 19. h3 Bf5 20. e4
Bc8 21. Rfd1 Qa6 22. Be3 Qa5 23. Rbc1 Nd7 24. Rd2 Ba6 25. Kh2 Rc8 26. Ne2 Ne5
27. Qd1 Qa3 28. Nf4 Qb4 29. Rdc2 Qb7 30. f3 Bb5 31. Bf1 Ra3 $44 {Aseev,
K-Fominyh,A/RUS-ch Elista/1996/}) 14. b3 Qb8 15. Ng5 Ra7 16. Rfc1 Rc7 ({
Without a4 played} 16... Rab7 {loses sense:} 17. Na4 Rb5 18. e4 $16) 17. Nf3
Ne8 18. Na4 Rbb7 19. Bc3 Bh6 (19... Bxc3 20. Nxc3 $16 {/\} c4 21. Nd4 {[%csl
Rc6] ><c6}) 20. Re1 Rc8 21. Bh3 Rd8 22. e4 $36 {White has ideally placed his
forces and can start action in the [+].} Nc7 23. Ba5 ({More consistent was} 23.
Bb2 $142 $1 Nf6 (23... Nb5 $6 24. e5 $40) 24. Rbd1 $16 {[%csl Gd1,Gd5,Ge1,Ge4]
[+]|^}) 23... Qa7 (23... Bg7 24. e5 $1 Nxe5 25. Nxe5 Bxe5 26. Nxc5 $40) 24. e5
Bd3 25. Qxd3 Qxa5 26. exd6 $6 {Rather soft.} (26. e6 $5 fxe6 27. Bxe6+ Nxe6 28.
Rxe6 Nf8 29. Re2 $40) 26... exd6 27. Bxd7 (27. Re7 Nf6 28. Nc3 Bf8 $14 {
leads nowhere.}) 27... Rxd7 28. Re2 Rb8 29. Nc3 Bg7 30. Nd1 Qb5 $1 31. Qxb5
Nxb5 $14 {[%mdl 4096] /= Black has survived the assault and typically for the
Volga looks for chances in the _|_, where his << pressure persists.} 32. Rc1
Ra7 33. Kg2 Bf6 (33... Nd4 34. Nxd4 Bxd4 $14 {/= is similar to the game.}) 34.
h4 h5 35. Ng5 Ra3 36. Ne4 Bd4 37. Ndc3 Nxc3 38. Nxc3 Kf8 $2 {White's N is the
better piece, as it pressures d6, later on it lands on c4. Black should have
exchanged his [+]Bd4, which however doesn't attack anything:} (38... Bxc3 39.
Rxc3 Rba8 40. Rcc2 Kf8 {and White faces a very tough technical task.}) 39. Ne4
$1 Rb6 40. Rcc2 Rba6 41. Ng5 Bf6 42. Ne4 {White already avoids the exchange
and proceeds to improve his position on the >>.} Bd4 43. f3 Kg7 44. g4 hxg4 45.
fxg4 Kh6 46. g5+ Kg7 (46... Kh5 $2 {lands the K in a mating net after} 47. Kh3
Be5 48. Rf2 Ra7 49. Rf4 $1 $18) 47. Kf3 $16 Ba1 (47... Rb6 48. Nd2 $1 Ra8 49.
Nc4 Rba6 50. Re7 $40) 48. Kg4 Bd4 49. h5 gxh5+ 50. Kxh5 {[%cal Re4g3,Rg3f5] /
\Ng3-f5->} Ba1 (50... Be5 51. Nxc5 $5 dxc5 52. Rxe5 Rxa2 53. Rxc5 $18) (50...
Rb6 $142 $16) 51. Ng3 Be5 52. Nf5+ Kh7 53. Ne3 $1 Ra7 54. Nc4 R3a6 55. Kg4 $5 (
55. Nxe5 dxe5 56. Rxe5 $18 {also wins, but White still doesn't want to
exchange his superior minor piece.}) 55... Kg6 56. Rf2 Bd4 57. Rh2 Bg7 58. Rce2
Ra8 59. a4 $1 {[%csl Ga4] o^a} Rb8 60. Rh3 $18 Rb7 (60... Rb4 61. Re4 Rb8 (
61... Rb7 62. Re8 $18) 62. Re7 $40 {+-}) 61. Re8 Rb4 62. Rg8 $1 {[%cal Rh3h6] /
\Rh6#} f5+ 63. gxf6 Kxf6 64. Rf3+ Kg6 65. Re8 Be5 (65... Rxc4+ 66. bxc4 Rxa4
67. Re6+ Kh7 68. Kf5 Rxc4 69. Re7 $5 $18) (65... Raxa4 66. Re6+ Kh7 67. bxa4
Rxc4+ 68. Rf4 $18) 66. Re6+ Kg7 67. Kf5 {All pieces join in the _|_->, Black
is helpless.} Rxc4 (67... Ra7 68. Rg6+ Kh8 (68... Kf7 69. Kg5+ Ke7 70. Re6+ {
mates.}) 69. Nxe5 dxe5 70. Rh3+ Rh7 71. Rxh7+ Kxh7 72. Rg3 $18) 68. bxc4 Rxa4
69. Re7+ Kf8 70. Ke6+ Kg8 71. Rb3 Ra8 (71... Rb4 72. Rxb4 cxb4 73. c5 $18) 72.
Rbb7 Rd8 73. Rbd7 Rf8 74. Rxd6 $1 Bc3 (74... Bxd6 75. Kxd6 $18) 75. Kd7 Rf4 76.
Rc6 1-0